000 00318nam a2200133Ia 4500
008 230917s9999||||xx |||||||||||||| ||und||
040 _e157688
_aMAIN
041 _aEnglish
082 _a970 H782H
245 0 _aHorizon. 5 (7); 1963
260 _aNew York
_bAmerican Heritage
_c1963
300 _a110 p.
942 _cBK
999 _c233135
_d233135